La constitucion de 1991 : (Registro nro. 19041)

Detalles MARC
000 -LEADER
fixed length control field 01109nam a2200265 4500
001 - CONTROL NUMBER
control field 0000013620
003 - CONTROL NUMBER IDENTIFIER
control field CO-CtgCURN
005 - DATE AND TIME OF LATEST TRANSACTION
control field 20250509230146.0
008 - FIXED-LENGTH DATA ELEMENTS--GENERAL INFORMATION
fixed length control field 160627s1993 000 0 eng d
020 ## - INTERNATIONAL STANDARD BOOK NUMBER
International Standard Book Number 9589276407
040 ## - CATALOGING SOURCE
Original cataloging agency CO-CtgCURN
Language of cataloging spa
Transcribing agency coctgcurn
082 0# - DEWEY DECIMAL CLASSIFICATION NUMBER
Classification number 342.03
Item number C668
245 03 - TITLE STATEMENT
Title La constitucion de 1991 :
Remainder of title los grandes temas y sus implicaciones para la enseñanza del derecho /
Statement of responsibility, etc. Juan Carlos Esguerra ... [et al.].
260 ## - PUBLICATION, DISTRIBUTION, ETC.
Place of publication, distribution, etc. Bogotá :
Name of publisher, distributor, etc. Biblioteca Juridica Dike,
Date of publication, distribution, etc. 1993.
300 ## - PHYSICAL DESCRIPTION
Extent 169 p.
336 ## - CONTENT TYPE
Source rdacontent
337 ## - MEDIA TYPE
Source rdamedia
Media type term sin mediacion
Media type code n
338 ## - CARRIER TYPE
Source rdacarrier
Carrier type term volumen
Carrier type code nc
505 8# - FORMATTED CONTENTS NOTE
Formatted contents note Mecanismos de participacion ciudadana.--Implicaciones de la nueva separacion de poderes para la enseñanza del derecho.--Los derechos y la interpretacion de la constitucion hacia un nuevo derecho
650 #0 - SUBJECT ADDED ENTRY--TOPICAL TERM
Topical term or geographic name entry element Asambleas constituyentes.
700 1# - ADDED ENTRY--PERSONAL NAME
Personal name Esguerra Portocarrero, Juan Carlos
-- Cepeda Espinosa, Manuel José.
908 ## - PUT COMMAND PARAMETER (RLIN)
Put command parameter 160627
942 ## - ADDED ENTRY ELEMENTS (KOHA)
Koha item type Libros
Classification part 342.03
Item part C668
Source of classification or shelving scheme Dewey Decimal Classification
Suppress in OPAC No
Existencias
Withdrawn status Lost status Source of classification or shelving scheme Damaged status Not for loan Collection Home library Current library Shelving location Date acquired Inventory number Total checkouts Full call number Barcode Date last seen Copy number Price effective from Koha item type Public note
    Dewey Decimal Classification     General Miguel Henríquez Castañeda Miguel Henríquez Castañeda General 03/04/2019 003792   342.03 C668 003792 03/04/2019 ej.1 03/04/2019 Libros 340-DEREC